000 00536nam a2200217 454500
001 066244
003 BD-ChCU
008 Eng
020 _ax
040 _aDLC
_cDLC
_dBD-ChCU
082 0 0 _a629.132/DAO
100 1 _aDavies, Max.
_bx
245 1 0 _aOperational research in practice
_bReport of a NATO conference
250 _ax
260 _aLond.
_bPergamon Press
_c1958
300 _aix, 201
504 _ax
650 0 _aAirplanes - Piloting
_bAirplanes - Piloting
700 1 _aVerhulst, Miechel .
942 _2ddc
_cBK
999 _c66244
_d66244